000 00501nam a22001577a 4500
003 macl
005 20180420131019.0
008 180420b xxu||||| |||| 00| 0 eng d
040 _cmacl
082 _a800/MAN
100 _aगोयनका ,कमल किशोर
_969213
245 _a मंजुल भगत समग्र कथा साहित्‍य 1
260 _aदिल्‍ली
_bकिताबघर
_c2016
650 _aरचनावली
_9163
942 _2ddc
_cHIN
999 _c57779
_d57779